000 00425cam a2200169ua 4500
041 _aeng
_h
082 _a973
_bLEO/PR
100 _aLeopold , Richard .
245 _aProblems in American History /
_cW.Richard Leopold.
_hTextual Documents
250 _a2 /
_b.
260 _aNew Jersey :
_bPrentice Hall Inc ,
_c1961.
300 _a706 ; .
504 _a
700 1 _aLink, Arth .
942 _cBK
999 _c686
_d686